Литературные факты #2 - Statistics

General Stats
  • This quiz has been taken 10 times
  • The average score is 14 of 30
Answer Stats
Question Answer % Correct
Роман "Хижина дяди Тома" Гарриет Бичер-Стоу вызвал в американском обществе огромный резонанс по теме рабства темнокожих Да
100%
Жюль Верн в своих детстве и юности был юнгой на межконтинентальном корабле Нет
78%
Американская трансгрессивная писательница Поппи Брайт не стала выезжать из родного дома в Новом Орлеане даже в связи с надвигающимся ураганом "Катрина" в 2005 году Нет, она всё же уехала в последний момент
78%
Рэй Брэдбери фактически предсказал в своих произведениях появление соцсетей Да
78%
Роман Максима Горького "Мать" был написан по личному заказу сталинского политбюро Нет
67%
Джорджа Мартина, автора "Песни льда и пламени", часто упрекают в литературном плагиате Майкла Муркока Нет
67%
Борис Пастернак ради безопасности в сталинские годы закапывал некоторые свои рукописи в лесу близ Переделкино Нет
67%
Первое литературное отображение подобия рэпа как части культуры темнокожего населения США встречается в романе Ральфа Эллисона "Человек-невидимка" Нет
56%
Виктор Ерофеев - племянник Венедикта Ерофеева Нет
56%
Грегори Дэвид Робертс, автор романа "Шантарам" - беглый преступник, скрывавшийся в Индии от австралийского правосудия за ограбления им нескольких банков Да
44%
Владимир Набоков в своём личном письме к Энтони Бёрджессу отговаривал того работать со Стэнли Кубриком над экранизацией "Заводного апельсина", отталкиваясь от своего подобного опыта с этим режиссёром во время съёмок "Лолиты" Нет
44%
Роман Хью Лори "Продавец оружия" 1996 года дважды пытались экранизировать Нет
44%
Джером Сэлинджер, автор нашумевшего реалистического романа "Ловец во ржи", после убийства Джона Леннона, убийца которого признавался, что вдохновлялся на преступление данным произведением, стал затворником и остался таковым до конца жизни в 2010 году Нет
44%
В романах Стивена Кинга "Обречённость" и "Регуляторы" фигурируют одни и те же персонажи, но в разных сюжетах Да
44%
На случай, если "Иван Васильевич меняет профессию" перед съёмками не пройдёт предварительную цензуру, у Леонида Гайдая был заготовлен набросок сценария "Роковых яиц" по всё тому же Булгакову Да
44%
Ярослав Гашек, автор известных юмористических "Похождений бравого солдата Швейка", хорошо владел русским языком Да
44%
Поэма "Вопль" стала единственным коммерчески успешным произведением битника Аллена Гинзберга Нет
44%
Одним из первых переводов "Алисы в Стране чудес" Льюиса Кэрролла на русский язык занимался родной брат Антона Чехова Нет
44%
Американский мастер короткого рассказа О. Генри публиковался под псевдонимом из-за преследований со стороны закона Да
33%
Пьеса "Ричард III" после смерти Шекспира долгое время нигде не ставилась Нет
33%
Генрик Сенкевич написал свой знаменитый детский роман "В дебрях Африки" по воспоминаниям своего хорошего друга Нет
33%
Сын Андрея Платонова был обвинён сталинским правительством в госизмене и умер в тюрьме от тяжёлой болезни при жизни своего отца Нет
33%
Роман Сомерсета Моэма "Луна и грош" перекликается с биографией художника-импрессиониста Поля Гогена Да
33%
Фрэнсис Скотт Фицджеральд считал "Великого Гэтсби" самым неудачным своим произведением Нет
33%
Блюз-рок-группа Джима Моррисона The Doors названа в честь одного из эссе Олдоса Хаксли Да
33%
Марсель Пруст умер в нищете и забвении Нет
33%
В оригинальном романе "Властелин колец" Толкина нет ни одного упоминания башни Саурона Нет
22%
Поэты Владимир Маяковский и Алексей Кручёных однажды устроили шуточную дуэль ради всеобщего зрелища Нет
22%
Многие книги Карлоса Кастанеды в девяностые были переведены на русский язык лично Виктором Пелевиным Да
11%
Один из главных основоположников психологической теории бихевиоризма Беррес Скиннер всю жизнь хотел написать роман стиле потока сознания, но так и не сделал этого Нет
11%
No matching quizzes found
Score Distribution
Percent of People with Each Score
Percentile by Number Answered
Your Score History
You have not taken this quiz